000 00816nam a2200205 a 4500
008 081211s2004 ||||||||||||||||| || u
020 _a076194138X
050 _aHA 17 CRA
100 _aHowitt, Dennis
245 1 4 _aThe SAGE dictionary of statistics: a practical resource for students in the social sciences
_cDuncan Cramer; Dennis Hoeitt
260 _aLondon
_bSAGE Publications
_c2004
300 _ax, 188p.: ill.
350 _a0.00
650 _aSTATISTICS--DICTIONARIES
650 _aSOCIAL SCIENCES--METHODOLOGY--DICTIONARIES
650 _aSOCIAL SCIENCES--STATISTICAL METHODS--DICTIONARIES
650 3 _aP0PULATION STATISTICS
700 _aCramer, Duncan
995 _D0.00
_FCBU-MAIN LIBRARY (Kitwe)
_H1
_I0.00
_M1
_UREFERENCE
_WJan 27, 2009
_ZReference Collection
999 _c56915
_d56915